000 00850cam a2200253 a 4500
001 000005258
005 20200929151626.0
008 920827s1991 sp b 001 1 spa
020 _a8437610389
040 _aDO-SdBNP
_cDLC
082 _a862.3
_bE59s
100 1 _aEnríquez Gómez, Antonio,
_d1600-1663.
_915001
245 1 3 _aEl siglo pitagórico y vida de don Gregorio Guadaña /
_cAntonio Enríquez ; edición, Teresa de Santos.
260 _aMadrid :
_bCátedra,
_c1991.
300 _a401 p. ;
_c18 cm.
490 1 _aLetras hispánicas
_v340
504 _aIncluye referencias bibliográficas (p. 51-53) e índice.
650 4 _aTeatro español
_93071
650 4 _aLiteratura española
_9632
700 1 _aSantos, Teresa,
_eed.
_915002
830 0 _aLetras hispánicas ;
_v340
_94208
910 _aCatalogación por copia / LC
910 _aWM
999 _c5059
_d5059